| 000 | 00419cam a2200169ua 4500 | ||
|---|---|---|---|
| 020 | _c75.00 | ||
| 041 |
_aeng _h |
||
| 082 |
_a630.01 _bARA/IN |
||
| 100 | _aArakeri, H.R . | ||
| 245 |
_aIndian agriculture / _cH.R.Arakeri. _hTextual Documents |
||
| 260 |
_aNew Delhi : _bOxford & IBH Publishing company , _c1982. |
||
| 300 | _a289 ; . | ||
| 365 | _a75.00 | ||
| 504 | _a | ||
| 942 | _cBK | ||
| 999 |
_c1651 _d1651 |
||